| 000 | 00565nam a2200181Ia 4500 | ||
|---|---|---|---|
| 999 |
_c2487 _d2487 |
||
| 003 | OSt | ||
| 005 | 20200820111642.0 | ||
| 008 | 190216s9999||||xx |||||||||||||| ||und|| | ||
| 020 | _a0444423702 | ||
| 040 | _coclc | ||
| 082 |
_a541.421 _bLAC/P |
||
| 100 |
_aLacombe, P _94224 |
||
| 245 | 0 |
_aPhysical Chemistry Of The Solid State: Applications To Metals And Their Compounds / _cP Lacombe |
|
| 260 |
_bElsevier Science Publication, _c1984. _aTokyo: |
||
| 300 | _a600p | ||
| 650 | _aChemistry | ||
| 942 |
_cBK _2ddc _h541.421 _iLAC/P _k541.421 _mLAC/P |
||